=LDR 00000nam 2200000 4500 =001 INLIS000000000003848 =005 20130612092142 =008 ***********************************Ind** =035 ##$$0010-061300000003848 =041 ##$$a Ind =082 ##$$a 574.07 =090 ##$$a 574.07, Sud b =100 ##$$a Sudarno =245 ##$$a Biologi untuk SMU, Drs.Ismu Yunanto, Drs.Sri Mulyadi =260 ##$$a 1996 $b Surakarta =300 ##$$a ...jil., ilus., 28 cm =650 ##$$a Biologi =650 ##$$a Studi dan pengajaran =700 ##$$a Yunanto, Ismu. 3.Sri Mulyadi =850 ##$$a NBPNMAT